00965cam a2200277 i 4500001001000000003000900010005001700019008004100036040003100077082002000108100002900128245007700157250005200234264004800286300002400334336002600358337002800384338002700412490002100439651002800460653002300488655001700511942001200528999001700540952013000557007671688EG-ScBUE20240602104425.0741222s1964 enk f 000 0 eng d aUkbengerdacUkdEG-ScBUE04a956.45222bFOL1 aFoley, Charles,eauthor.10aLegacy of strife :bCyprus from rebellion to civil war /cCharles Foley. aFully revised edition with additional material. 1aMiddlesex, England :bPenguin Books,c1964. a187 pages ;c19 cm. 2rdacontentatextbtxt aunmediated2rdamediabn avolumebnc2rdacarrier0 aPenguin specials 72BUEshaCyprusxHistory. bGGENcDecember2017 vReading book 2ddccBB c25778d25750 00102ddc40708BaccahaMAINbMAINc2NDd2017-12-24ePurchasel0o956.45 FOLp000046984r2025-07-15 00:00:00w2017-12-24yBB